Biggest U.S. Cities with the Most Unchanged Population - Statistics

General Stats
  • This quiz has been taken 35 times
  • The average score is 7 of 22
Answer Stats
1970 2020 Annual Growth Rate City % Correct
641,071 675,647 0.11 % Boston
71%
495,039 498,715 0.01 % Atlanta
58%
623,988 633,104 0.03 % Memphis
58%
153,968 153,701 -0.00 % Jackson
52%
507,087 508,090 0.00 % Kansas City
52%
434,400 429,954 -0.02 % Minneapolis
52%
137,707 134,023 -0.05 % New Haven
45%
309,980 311,527 0.01 % Saint Paul
45%
190,026 187,041 -0.03 % Mobile
39%
163,905 155,929 -0.10 % Springfield, MA
35%
156,542 148,654 -0.10 % Bridgeport
32%
197,649 198,917 0.01 % Grand Rapids
29%
182,064 187,593 0.06 % Shreveport
23%
204,297 211,569 0.07 % Yonkers
23%
108,033 114,403 0.11 % Waterbury
19%
125,011 126,587 0.03 % Topeka
16%
98,469 101,724 0.07 % Davenport
10%
147,370 148,655 0.02 % Rockford
10%
117,548 115,282 -0.04 % Beaumont
6%
101,777 101,079 -0.01 % New Bedford
6%
98,944 103,639 0.09 % Woodbridge
6%
104,199 109,976 0.11 % Dearborn
3%
No matching quizzes found
Score Distribution
Percent of People with Each Score
Percentile by Number Answered
Your Score History
You have not taken this quiz